000
00341nam a22001457a 4500
008
210225b ||||| |||| 00| 0 eng d
020
_a
020545531X
041
_a
eng
080
_2
8th
_a
159.9
082
_a
159.9
100
_a
48
101
_a
PSI
245
_a
Educational Psychology Theory and Practice
_c
Svalin, R. P
942
_2
udc
_c
BK
999
_c
55205
_d
55205